000 00680nam a2200289Ia 4500
005 20260324143020.0
008 008 260324s9999 xx 000 0 eng d
020 _a9781003369769
037 _aEBOOK
040 _aCRL
040 _beng
040 _cCRL
041 _2eng
041 _aeng
084 _qCRL
100 _aConstance Classen
245 0 _aWorlds of Sense
245 0 _bExploring the senses in history and across cultures
260 _bTaylor and Francis
260 _c1993
365 _a
365 _b145
856 _uhttp://www.taylorfrancis.com/books/9781003369769
942 _cEBOOK
999 _c1818961
_d1818961